Viaje al centro de la tierra ; El doctor Ox ; Maese Zacarías ; Un drama en los aires. (Registro nro. 11066)

Detalles MARC
000 -LEADER
fixed length control field 01116nam a2200349 4500
001 - CONTROL NUMBER
control field 91830
003 - CONTROL NUMBER IDENTIFIER
control field DO-SdBNP
005 - DATE AND TIME OF LATEST TRANSACTION
control field 20180214103237.0
007 - PHYSICAL DESCRIPTION FIXED FIELD--GENERAL INFORMATION
fixed length control field 91830
008 - FIXED-LENGTH DATA ELEMENTS--GENERAL INFORMATION
fixed length control field 870818s1996 mx a 000 spa
016 7# - NATIONAL BIBLIOGRAPHIC AGENCY CONTROL NUMBER
Source BPMSU
020 ## - INTERNATIONAL STANDARD BOOK NUMBER
International Standard Book Number 9684323158
040 ## - CATALOGING SOURCE
Original cataloging agency BPMSU
Language of cataloging spa
Transcribing agency BPMSU
041 1# - LANGUAGE CODE
Language code of text/sound track or separate title spa
082 ## - DEWEY DECIMAL CLASSIFICATION NUMBER
Classification number 843.8
Item number V531v
092 ## - LOCALLY ASSIGNED DEWEY CALL NUMBER (OCLC)
Classification number
100 1# - MAIN ENTRY--PERSONAL NAME
Personal name Verne, Julio,
Dates associated with a name 1828-1905.
240 10 - UNIFORM TITLE
Uniform title <a href="Voyage au centre de la terre.">Voyage au centre de la terre.</a>
Language of a work Español
245 10 - TITLE STATEMENT
Title Viaje al centro de la tierra ; El doctor Ox ; Maese Zacarías ; Un drama en los aires.
Statement of responsibility, etc. Julio Verne ; nota de María Elvira Bermúdez.
250 ## - EDITION STATEMENT
Edition statement 11a. ed.
260 ## - PUBLICATION, DISTRIBUTION, ETC. (IMPRINT)
Place of publication, distribution, etc. México :
Name of publisher, distributor, etc. Editorial Porrúa,
Date of publication, distribution, etc. 1996.
300 ## - PHYSICAL DESCRIPTION
Extent 207 p. :
Other physical details il. ;
Dimensions 21cm.
490 1# - SERIES STATEMENT
Series statement Sepan cuantos
Volume/sequential designation 116
505 ## - FORMATTED CONTENTS NOTE
Title Doctor Ox --
-- Maese Zacarías --
-- Drama en los aires --
650 ## - SUBJECT ADDED ENTRY--TOPICAL TERM
Topical term or geographic name as entry element CUENTOS INFANTILES FRANCESES
700 12 - ADDED ENTRY--PERSONAL NAME
Personal name Bermúdez, María Elvira,
Dates associated with a name 1912-
830 #0 - SERIES ADDED ENTRY--UNIFORM TITLE
Name of part/section of a work Sepan cuantos
Volume number/sequential designation 116
910 ## - USER-OPTION DATA (OCLC)
User-option data Validado. Control de calidad MFF
942 ## - ADDED ENTRY ELEMENTS (KOHA)
Source of classification or shelving scheme Dewey Decimal Classification
Koha item type Libros
945 ## - LOCAL PROCESSING INFORMATION (OCLC)
a Inventariado, 2018 /LP
956 ## - LOCAL ELECTRONIC LOCATION AND ACCESS (OCLC)
Host name VMATEO
Access method 10
Materials specified 20160801
Linkage BPMSU
Field link and sequence number 0069
Existencias
Withdrawn status Lost status Source of classification or shelving scheme Damaged status Not for loan Collection code Home library Current library Date acquired Source of acquisition Total Checkouts Full call number Barcode Date last seen Price effective from Koha item type
    Dewey Decimal Classification     Colección General Biblioteca Pública Metropolitana Salomé Ureña Biblioteca Pública Metropolitana Salomé Ureña 08/01/2016 Donación   843.8 V531v BPMSU16080010 08/01/2016 08/01/2016 Libros